00516nam a22001697a 45000050016000000100015000160200026000310350013000570370013000700820011000831000027000942450109001212500011002302600038002412700045002793000022003242010082104114.0 aENG-101195 a9788183333627c150.00 aEN-84728 bDBAD/PUB a005.13 aKanetkar, Yashavant P. aData structures through C solutions :cby Yashavant P.Kanetkarbin sync with data structures through C / a2nd ed aNew DelhibBPB Publicationsc2010 bNew Delhie110001aB-14, Connaught Place a201p.c22cm (pbk)